=LDR 00000nam 2200000 4500 =001 INLIS000000000054087 =005 20190524075921 =035 ##$$a 0010-0519000149 =007 ta =008 190524###########################0#ind## =020 ##$$a 979-462-889-1 =082 ##$$a 372.6 =084 ##$$a 372.6 KAS b =100 #$$a Kaswan Darmadi =245 1#$$a Bahasa Indonesia : $b Untuk SD dan MI kelas iv /$c Kaswan Darmadi =260 ##$$a Jakarta :$b Pusat perbukuan Departemen Pndidikan Nasional,$c 2008 =300 ##$$a viii, 142 hlm. : $b ilus. ; $c 25 Cm. =650 ##$$a Bahasa Indonesia - Pendidikan dasar =700 #$$a Rita Nirbaya =504 ##$$a Bibiografi =990 ##$$a 10581058 =990 ##$$a 31900170